000 00920nam a2200241Ia 4500
003 Ost
005 20260507075110.0
008 260507s9999||||xx |||||||||||||| ||und||
040 _cfsecg
041 _aara
082 _a330
100 _aالتمان، ريك
_eمؤلف
245 0 _aكورل درو 8 الدليل الكامل /
_c ريك التمان
250 _aطبعة 4
260 _aبيروت:
_bالدار العربية للعلوم,
_c1998
300 _a صفحة؛
_bإيضاحات ؛
_c24 سم
490 _aالدار العبية للعلوم
520 _aفي هذا الكتاب تجد الأساسيات ، الميزات والادوات الجديدة الفعالة انشاء أي تصميم تتخيله كما يوجد قرص صلب معه .
653 _aاعلام لآلي
653 _aالحاسبات الإلكترونية
653 _aبرامج
942 _cكتاب
999 _c42868
_d42868